| 000 | 00411nam a2200169Ia 4500 | ||
|---|---|---|---|
| 008 | 230524s9999 xx 000 0 und d | ||
| 082 |
_a510.15 _bBHA |
||
| 100 | _aRama B.Bhat | ||
| 245 | 0 | _aNumerical Analysis in Engineering | |
| 250 | _a1ST | ||
| 260 |
_aNEW DELHI _bNarosa _c2004 |
||
| 300 | _aIX;320 | ||
| 500 | _aQuantity Number: 2 | ||
| 650 | _aMathematics | ||
| 700 | _a S.Chakrabarty | ||
| 942 | _cBK | ||
| 999 |
_c17893 _d17893 |
||